Normal view MARC view

Entry Personal Name

Number of records used in: 1

001 - CONTROL NUMBER

  • control field: 529456

003 - CONTROL NUMBER IDENTIFIER

  • control field: OSt

005 - DATE AND TIME OF LATEST TRANSACTION

  • control field: 20220930072136.0

008 - FIXED-LENGTH DATA ELEMENTS

  • fixed length control field: 220930|| aca||aabn | a|a d

040 ## - CATALOGING SOURCE

  • Original cataloging agency: OSt
  • Transcribing agency: OSt

100 ## - HEADING--PERSONAL NAME

  • Personal name: Tripathi Vishal Prasad

670 ## - SOURCE DATA FOUND

  • Source citation: Work cat.: (OSt)863452: Tripathi Vishal Prasad, Kashmir shaiv darshan tatha vedant ke anusar maya ka swarup, 1979
Copyright @ Delhi University Library System